| 000 | 00826nam a2200181Ia 4500 | ||
|---|---|---|---|
| 008 | 090630s9999 xx 000 0 und d | ||
| 082 | _b26590 | ||
| 100 | _aठाकूर नीमा / ताम्हणकर प्रिया. | ||
| 245 |
_aसर्वकाही सर्वांसाठी. _cठाकूर नीमा / ताम्हणकर प्रिया. |
||
| 260 |
_bआमोद - मुंबई. _c2006 |
||
| 300 | _a134 | ||
| 600 | _aठाकूर नीमा / ताम्हणकर प्रिया. | ||
| 630 | _aसर्वकाही सर्वांसाठी. | ||
| 655 | _aइतर. | ||
| 700 | _aठाकूर नीमा / ताम्हणकर प्रिया. | ||
| 730 | _aसर्वकाही सर्वांसाठी. | ||
| 942 | _cBOOK | ||
| 999 |
_c278446 _d278446 |
||